01568nab a22002777a 4500003000400000005001700004008004100021040000700062100003100069245018400100260007300284300001300357500004400370505041400414505008900828650001600917650002700933650002500960650002400985650002501009650002701034650003201061650002701093650003401120773013601154OSt20250223221709.0190603e xxum|||| |||| 00| 0 spa d cPJ aAicega, María Valentina 10aFideicomiso inmobiliario destinado a consumidores. Configuración, calificación de la relación de consumo y obligaciones del fiduciario proveedor /cMaría Valentina Aicega. cCiudad Autónoma de Buenos Aires :aThomson Reuters La Ley, b2023. ap. 63-76 aCita Online: TR LALEY AR/DOC/2719/2023. aSumario: I. A modo de introducción.— II. Configuraciones usuales en los fideicomisos inmobiliarios destinados a consumidores.— III. El contrato de fideicomiso y las relaciones de consumo.— IV. El fiduciario como proveedor.— V. Consumidor en las relaciones que se establecen en los fideicomisos.— VI. Implicancias de la relación de consumo.— VII. Quid de la hipervulnerabilidad del consumidor.  t¿Te interesa el texto completo? Solicitalo al correo: koha@justierradelfuego.gov.ar 0aFIDEICOMISO 0aDEFENSA DEL CONSUMIDOR 0aCESIÓN DE DERECHOS 0aRELACION DE CONSUMO 0aPUBLICIDAD COMERCIAL 0aRENDICIÓN DE CUENTAS 0aOBLIGACIONES DEL FIDUCIARIO 0aDEBER DE INFORMACIÓN 0aSITUACIÓN DE VULNERABILIDAD0 02713dCiudad Autónoma de Buenos Aires : Thomson Reuters La Ley, 2015-tRevista Código Civil y Comercial. Nº 6 - Diciembre 2023